[Event "CZE-chT 0607"]
[Site "Czech Republic"]
[Date "2006.12.03"]
[Round "4.4"]
[White "Meszaros, Michal"]
[Black "Priborsky, Ivo"]
[Result "1-0"]
[WhiteElo "2407"]
[BlackElo "2287"]
[PlyCount "89"]
[EventDate "2006.12.01"]
[EventType "team"]
[EventRounds "11"]
[EventCountry "CZE"]
[SourceTitle "CBM 115 Extra"]
[Source "ChessBase"]
[SourceDate "2007.01.10"]
[SourceVersion "1"]
[SourceVersionDate "2007.01.10"]
[SourceQuality "1"]
[WhiteTeam "Zlin"]
[BlackTeam "Plzen"]
[WhiteTeamCountry "CZE"]
[BlackTeamCountry "CZE"]

1. e4 c5 2. Nf3 d6 3. d4 cxd4 4. Nxd4 Nf6 5. Nc3 a6 6. Be3 e5 7. Nde2 Be7 8. Ng3 0-0 9. Be2 Be6 10. 0-0 d5 11. exd5 Nxd5 12. Nxd5 Bxd5 13. Nf5 Nc6 14. Nxe7+ Nxe7 15. c4 Be6 16. Qxd8 Rfxd8 17. Rfd1 Nc6 18. Bb6 Rxd1+ 19. Rxd1 f5 20. f3 Kf7 21. Kf2 Rc8 22. b3 Nb8 23. g3 Nd7 24. Be3 h6 25. h4 Nf6 26. a4 e4 27. f4 h5 28. Bb6 Ng4+ 29. Ke1 g6 30. a5 Nf6 31. Rd8 Rxd8 32. Bxd8 Ne8 33. Kd2 Nd6 34. Ke3 Ke8 35. Bb6 Kd7 36. Kd4 Nf7 37. b4 Nd6 38. b5 axb5 39. cxb5 Nc8 40. Bc5 Kc7 41. Ke5 Bd7 42. Bd4 b6 43. axb6+ Kb7 44. Bf1 Be8 45. Ke6 1-0

[Event "Havlickuv Brod Vysocina op-A"]
[Site "Havlickuv Brod"]
[Date "2006.09.27"]
[Round "5.4"]
[White "Vokac, Marek"]
[Black "Priborsky, Ivo"]
[Result "1/2-1/2"]
[WhiteElo "2498"]
[BlackElo "2331"]
[PlyCount "83"]
[EventDate "2006.09.23"]
[EventType "swiss"]
[EventRounds "9"]
[EventCountry "CZE"]
[SourceTitle "CBM 114 Extra"]
[Source "ChessBase"]
[SourceDate "2006.11.03"]
[SourceVersion "1"]
[SourceVersionDate "2006.11.03"]
[SourceQuality "1"]

1. Nf3 Nf6 2. c4 e6 3. g3 b6 4. Bg2 Bb7 5. 0-0 Be7 6. Nc3 0-0 7. Re1 d5 8. cxd5 Nxd5 9. e4 Nxc3 10. bxc3 c5 11. d4 Nd7 12. Rb1 cxd4 13. cxd4 Nf6 14. Qd3 Qd7 15. d5 Rad8 16. Ba3 exd5 17. Ne5 Qc7 18. Bxe7 Qxe7 19. exd5 Rfe8 20. Qf1 Qa3 21. Nc6 Rc8 22. Rxe8+ Rxe8 23. Qc1 Qd3 24. Qd1 Qf5 25. Rc1 Ng4 26. Qd2 Nf6 27. h3 h6 28. Re1 Rxe1+ 29. Qxe1 Qd7 30. Qe5 Kh7 31. g4 a5 32. f4 Ne8 33. Be4+ g6 34. f5 Bxc6 35. fxg6+ fxg6 36. dxc6 Qd1+ 37. Kf2 Qd2+ 38. Kf3 Qd1+ 39. Ke3 Qe1+ 40. Kd3 Qd1+ 41. Ke3 Qe1+ 42. Kd3 1/2-1/2

[Event "Pardubice op-A"]
[Site "Pardubice"]
[Date "2006.07.25"]
[Round "5"]
[White "Priborsky, Ivo"]
[Black "Comas Fabrego, Luis"]
[Result "1/2-1/2"]
[WhiteElo "2331"]
[BlackElo "2495"]
[PlyCount "38"]
[EventDate "2006.07.21"]
[EventType "swiss"]
[EventRounds "9"]
[EventCountry "CZE"]
[SourceTitle "CBM 113 Extra"]
[Source "ChessBase"]
[SourceDate "2006.09.14"]
[SourceVersion "1"]
[SourceVersionDate "2006.09.14"]
[SourceQuality "1"]

1. e4 g6 2. d4 c6 3. Nf3 Bg7 4. Bd3 d6 5. 0-0 Nf6 6. h3 0-0 7. Bg5 Nbd7 8. Qe2 e5 9. dxe5 dxe5 10. c3 h6 11. Be3 Qe7 12. Bc2 Nc5 13. Qc4 Nfd7 14. b4 Ne6 15. Nbd2 Kh8 16. Nb3 Nb6 17. Qe2 Nf4 18. Bxf4 exf4 19. e5 Be6 1/2-1/2

[Event "Pardubice op-A"]
[Site "Pardubice"]
[Date "2006.07.23"]
[Round "3"]
[White "Priborsky, Ivo"]
[Black "Kharitonov, Alexandr"]
[Result "0-1"]
[WhiteElo "2331"]
[BlackElo "2514"]
[PlyCount "96"]
[EventDate "2006.07.21"]
[EventType "swiss"]
[EventRounds "9"]
[EventCountry "CZE"]
[SourceTitle "CBM 113 Extra"]
[Source "ChessBase"]
[SourceDate "2006.09.14"]
[SourceVersion "1"]
[SourceVersionDate "2006.09.14"]
[SourceQuality "1"]

1. Nf3 d5 2. g3 Nf6 3. Bg2 c6 4. 0-0 Bg4 5. c4 e6 6. cxd5 exd5 7. Qb3 Qb6 8. Qc2 Nbd7 9. Nc3 Bd6 10. d3 0-0 11. e4 Rfe8 12. Be3 Qa5 13. Nd4 dxe4 14. dxe4 Qh5 15. f3 Bh3 16. Bxh3 Qxh3 17. Nf5 Bc7 18. Ne2 g6 19. Nfd4 Qh5 20. Nf4 Qe5 21. Rfd1 Bb6 22. Bf2 Rad8 23. Nb3 Qe7 24. h3 Ne5 25. Kg2 Bxf2 26. Kxf2 Nfd7 27. Qe2 Nb6 28. Rxd8 Rxd8 29. Rd1 Nbc4 30. Nd3 Qc7 31. Nbc5 Qd6 32. Nxb7 Qd4+ 33. Kg2 Ne3+ 34. Kh2 Nxd1 35. Nxd8 Qxd3 36. Qxd3 Nxd3 37. Nxc6 a6 38. b4 Nc3 39. a3 Ne1 40. Nb8 Nxf3+ 41. Kg2 Ne1+ 42. Kf2 Nc2 43. Kf3 Nxa3 44. Nxa6 Nc2 45. e5 Kf8 46. Kg4 h6 47. h4 Ne3+ 48. Kf3 Ned5 0-1